000 00984nam a2200265 c 4500
003 BLK
005 20190803112002.0
008 180411b bul|||||r ||||||| ||bul||
010 _aKNG00217359000
040 _aBLK
041 _aBUL
_cBUL
080 _aВтора българска държава(1185-1422)
_b94(497.2)"1185/1422"
_x
_z94(497.2)"1185/1422"
100 1 _aПетров, Петър Христов
_eпърви автор
_9365020
139 _aПетров, Петър Христов
_bП 47
245 1 0 _aВъзстановяване на българската държава 1185-1197
_bМоногр.
_cПетър Христов Петров.
257 _aBGR
260 София
_bНаука и изкуство
_c1985
300 _a390 с.
_c22 см
380 _a9
852 _aЦб 139886
856 4 _qpdf
_u
856 4 _qpdf
_u
942 _cKNG
_n0
_01
944 _aCR
_c16.03.2018
_kХристина_Везирева
944 _aED
_c16.03.2018
_kХристина_Везирева
999 _c207592
_d207592